00837nam a2200205 a 450000100100000000500170001000800410002702000150006804000250008310000520010824501200016025000410028026000530032130000210037450000730039550400320046804900090050095201050050999900170061400002668920250307073710.0110324s2000 dr 000 0 spa d a9681659880 aDO-SdBNPbspacBNPHU1 aHenríquez Ureña, Pedro,d1884-1946 9171810aMemorias, diario, notas de viaje /cPedro Henríquez Ureña ; introducción y notas de Enrique Zuleta Álvarez. a2a ed. corr. y aumentada ; prólogo aMéxico :bFondo de Cultura Económica,c2000. a223 p. ;c21 cm. aIncluye referencias bibliográficas y notas al pie de las páginas aBibliografía : p. 219-222 aBNPD 0010718PDaPDbPDcCTd2011-03-24iLF1l0o p26689-10r2020-06-25w2020-06-25yLFPDZNo se presta c26181d26181